00848 2200301 4500001002100000005001500021035002000036007000300056040001700059100003700076245008200113250001000195300002900205041000800234082001100242084002200253090001700275264003800292336002100330337003000351338002300381650001600404850001000420008004100430990002500471990002500496990002500521INLIS00000000001430920260624084519 a0010-0626000107ta aSBPUPADbind3 aWhere Does My Food GoePengarang1 aWhere Does My Food Go And Other Human Body Questions /cWhere Does My Food Go aCet.1 a18 hlm :billus ;c19 cm bind a001.01 a[23] 001.01 WHE w a001.01 WHE w aJakarta :bKompas Gramedia,c2024 2rdacontentateks 2rdamediaatanpa perantara 2rdacarrieravolume 4acerita anak aPUPAD260624 1  a40.012/APBD/DPK/2025 a40.010/APBD/DPK/2025 a40.011/APBD/DPK/2025